[Event "The Sixth Jerusalem Open"]
[Site "SchemingMind.com"]
[Date "2013.11.01"]
[Round "-"]
[White "MKruger"]
[Black "reptile"]
[Result "1/2-1/2"]
[WhiteCountry "GER"]
[BlackCountry "ISR"]
[WhiteElo "2354"]
[WhiteRD "65"]
[BlackElo "2132"]
[BlackRD "104"]
[GameID "341221"]

1. c4 Nf6 2. g3 c5 3. Bg2 Nc6 4. Nf3 d6 5. Nc3 g6 6. O-O Bg7 7. a3 Bd7 8. Rb1 b6 9. d3 O-O 10. b4 a6
11. Bd2 Re8 12. Ng5 Rb8 13. b5 axb5 14. Nxb5 Qc8 15. Qc1 Nd4 16. Nxd4 cxd4 17. Re1 Bc6 18. Bxc6 Qxc6 19. Qb2 Nd7 20. Qb5 Rec8
21. Qxc6 Rxc6 22. Rb5 Ra8 23. Ra1 Nc5 24. Kg2 Bh6=
1/2-1/2

[Event "The Sixth Jerusalem Open"]
[Site "SchemingMind.com"]
[Date "2013.11.01"]
[Round "-"]
[White "reptile"]
[Black "MKruger"]
[Result "0-1"]
[WhiteCountry "ISR"]
[BlackCountry "GER"]
[WhiteElo "2132"]
[WhiteRD "104"]
[BlackElo "2354"]
[BlackRD "65"]
[GameID "341222"]

1. d4 Nf6 2. c4 g6 3. Nc3 d5 4. Bf4 Bg7 5. Nf3 O-O 6. Rc1 dxc4 7. e4 Bg4 8. Bxc4 Nh5 9. Be3 Bxf3 10. Qxf3 Bxd4
11. O-O c5 12. Bh6 Ng7 13. Rfd1 Nc6 14. Qg3 e6 15. Rd2 Qa5 16. Rcd1 Rad8 17. a3 Be5 18. Qe3 Rxd2 19. Rxd2 Rd8 20. Rxd8+ Qxd8
21. Bg5 Qc7 22. h3 Ne8 23. Be2 f6 24. Bh6 Nd4 25. Bd1 Nd6 26. Qd3 g5 27. h4 Nf7 28. hxg5 fxg5 29. Qh3 Qd8
0-1

[Event "The Sixth Jerusalem Open"]
[Site "SchemingMind.com"]
[Date "2013.11.02"]
[Round "-"]
[White "fanfan_la_Tulipe"]
[Black "reptile"]
[Result "0-1"]
[WhiteCountry "AUT"]
[BlackCountry "ISR"]
[WhiteElo "1992"]
[WhiteRD "72"]
[BlackElo "2153"]
[BlackRD "107"]
[GameID "341228"]

1. Nf3 Nf6 2. g3 d5 3. Bg2 c6 4. O-O Bg4 5. d3 Nbd7 6. Nbd2 e5 7. c3 Bd6 8. Qc2 O-O 9. e4 Rc8 10. Re1 Re8
11. Nf1 h6 12. Ne3 Be6 13. Nh4 Qc7 14. Nhf5 Bf8 15. Qe2 g6 16. Nh4 Kh7 17. h3 Bg7 18. Ng4 Nxg4 19. hxg4 dxe4 20. dxe4 Nf6
21. f3 a5 22. g5 hxg5 23. Bxg5 Nh5 24. Qf2 Bh6 25. Bxh6 Kxh6 26. Red1 Rcd8 27. b3 Kg7 28. Bf1 Qe7 29. Ng2 Qg5 30. g4 Nf4
31. Nxf4 Qxf4 32. Bg2 Rh8 33. Kf1 a4 34. c4 b5 35. cxb5 cxb5 36. bxa4 bxa4 37. Ke1 a3 38. Rd2 Rxd2 39. Qxd2 Qxd2+ 40. Kxd2 Rh2
41. Rg1 Bxa2 42. Kc3 Be6 43. Bf1 Rf2 44. Bg2 Kh6 45. Bh1 Kg5 46. Kd3 Kf4 47. Kc3 Rb2 48. g5 Rh2 49. Kd3 a2 50. Kc3 Rh5
51. Kd3 Rxg5 52. Re1 Rh5 53. Rg1 Rh8 54. Kc2 Ke3 55. Re1+ Kf2 56. Ra1 Rb8
0-1

[Event "The Sixth Jerusalem Open"]
[Site "SchemingMind.com"]
[Date "2013.11.02"]
[Round "-"]
[White "fanfan_la_Tulipe"]
[Black "MKruger"]
[Result "0-1"]
[WhiteCountry "AUT"]
[BlackCountry "GER"]
[WhiteElo "1982"]
[WhiteRD "71"]
[BlackElo "2354"]
[BlackRD "65"]
[GameID "341229"]

1. Nf3 Nf6 2. g3 g6 3. Bg2 Bg7 4. O-O O-O 5. c4 c5 6. Nc3 Nc6 7. d4 cxd4 8. Nxd4 Nxd4 9. Qxd4 d6 10. Qd3 a6
11. Be3 Bf5 12. Qd2 Ng4 13. Bd4 Bh6 14. f4 e5 15. Be3 Nxe3 16. Qxe3 exf4 17. gxf4 Bg7 18. Qd2 Rc8 19. Bd5 Re8 20. Rae1 Be6
21. Kh1 Bxc3 22. bxc3 Bxd5+ 23. cxd5 Rc4 24. e4 Rcxe4
0-1

[Event "The Sixth Jerusalem Open"]
[Site "SchemingMind.com"]
[Date "2013.11.02"]
[Round "-"]
[White "reptile"]
[Black "fanfan_la_Tulipe"]
[Result "1/2-1/2"]
[WhiteCountry "ISR"]
[BlackCountry "AUT"]
[WhiteElo "2132"]
[WhiteRD "104"]
[BlackElo "1982"]
[BlackRD "71"]
[GameID "341230"]

1. d4 Nf6 2. c4 g6 3. Nc3 Bg7 4. Nf3 O-O 5. e3 d6 6. Bd3 Nbd7 7. O-O c6 8. e4 e5 9. Be3 exd4 10. Bxd4 Qa5
11. Re1 Ne5 12. h3 Nh5 13. Be3 Be6 14. Nxe5 dxe5 15. Qc1 Rfd8 16. Be2 Nf4 17. Bxf4 exf4 18. Qxf4 Bxc3 19. bxc3 Qxc3 20. Rec1 Qd2
21. Qf3 c5 22. a3 Qg5 23. Rd1=
1/2-1/2

[Event "The Sixth Jerusalem Open"]
[Site "SchemingMind.com"]
[Date "2013.11.02"]
[Round "-"]
[White "MKruger"]
[Black "fanfan_la_Tulipe"]
[Result "1-0"]
[WhiteCountry "GER"]
[BlackCountry "AUT"]
[WhiteElo "2354"]
[WhiteRD "65"]
[BlackElo "1982"]
[BlackRD "71"]
[GameID "341231"]

1. c4 e5 2. g3 Nf6 3. Bg2 d5 4. cxd5 Nxd5 5. Nc3 Nb6 6. Nf3 Nc6 7. O-O Be7 8. a3 O-O 9. b4 Re8 10. Rb1 a6
11. d3 Be6 12. Bb2 f6 13. Ne4 Rb8 14. Qc2 Nd4 15. Nxd4 exd4 16. Nc5 Bd5 17. Bxd5+ Qxd5 18. Nb3 Bd6 19. Bxd4 Qh5 20. e4 Qf3
21. Bc5 h5 22. Nd4 Qg4 23. Bxd6 cxd6 24. Nf5 d5 25. f3 Qg5 26. h4 Qg6 27. Qc7 Na4 28. Qxb8 Rxb8 29. Ne7+ Kh7 30. Nxg6 Kxg6
31. Rfc1
1-0

[Event "The Sixth Jerusalem Open"]
[Site "SchemingMind.com"]
[Date "2013.11.05"]
[Round "-"]
[White "Arcenio Acacio"]
[Black "reptile"]
[Result "0-1"]
[WhiteCountry "VEN"]
[BlackCountry "ISR"]
[WhiteElo "1760"]
[WhiteRD "91"]
[BlackElo "2132"]
[BlackRD "104"]
[GameID "341386"]

1. e4 c5 2. Nf3 Nc6 3. d4 cxd4 4. Nxd4 e5 5. Nb5 d6 6. N1c3 a6 7. Na3 b5 8. Nd5 Nf6 9. Bg5 Be7 10. Nxe7 Nxe7
11. Bxf6 gxf6 12. Be2 Rg8 13. g3 f5 14. Bf3 Rb8 15. O-O fxe4 16. Bxe4 d5 17. Bg2 b4 18. Nb1 Bg4 19. f3 Bf5 20. Nd2 Rc8
21. Nb3 Rxc2 22. g4 h5 23. Rf2 Qb6 24. Nd2 hxg4 25. fxg4 Rxg4 26. Qe2 Rxg2+ 27. Kxg2 Qg6+ 28. Kf1 Bd3
0-1

[Event "The Sixth Jerusalem Open"]
[Site "SchemingMind.com"]
[Date "2013.11.05"]
[Round "-"]
[White "Arcenio Acacio"]
[Black "fanfan_la_Tulipe"]
[Result "0-1"]
[WhiteCountry "VEN"]
[BlackCountry "AUT"]
[WhiteElo "1760"]
[WhiteRD "91"]
[BlackElo "1982"]
[BlackRD "71"]
[GameID "341387"]

1. d4 Nf6 2. Nf3 g6 3. e3 Bg7 4. c4 d6 5. Be2 O-O 6. O-O Nbd7 7. Nc3 c6 8. e4 e5 9. dxe5 Nxe5 10. Nxe5 dxe5
11. Bg5 Qb6 12. b3 Be6 13. Qd2 Rfd8 14. Qc1 Rd7 15. Bh6 Bxh6 16. Qxh6 Qd4 17. Rac1 Nxe4 18. Nxe4 Qxe4 19. Rfe1 Qf5 20. Bf3 Qf6
21. Re4 Rd4 22. Rce1 Rxe4 23. Rxe4 Bf5 24. Rh4 Qg7 25. Qxg7+ Kxg7 26. c5 Rd8 27. Rc4 Rd2 28. Ra4 Rc2 29. g4 Bd3 30. Rxa7 e4
31. Bh1 Rc1+ 32. Kg2 Be2 33. Rxb7 Bf3+ 34. Kg3 Bxh1 35. a4 Rxc5 36. b4 Rc3+ 37. Kf4 Kf6 38. g5+ Ke6 39. a5 Rf3+ 40. Kxe4 Rxf2+
41. Kd4 c5+
0-1

[Event "The Sixth Jerusalem Open"]
[Site "SchemingMind.com"]
[Date "2013.11.05"]
[Round "-"]
[White "Arcenio Acacio"]
[Black "MKruger"]
[Result "0-1"]
[WhiteCountry "VEN"]
[BlackCountry "GER"]
[WhiteElo "1833"]
[WhiteRD "100"]
[BlackElo "2253"]
[BlackRD "73"]
[GameID "341388"]

1. e4 e6 2. d4 d5 3. Nc3 Bb4 4. e5 c5 5. a3 Bxc3+ 6. bxc3 Ne7 7. Qg4 O-O 8. Nf3 Nbc6 9. Bh6 Nf5 10. Bg5 f6
11. exf6 Qa5 12. Bd2 Rxf6 13. Qh5 Bd7 14. Bd3 c4 15. Bxf5 Rxf5 16. Qh4 e5 17. O-O e4 18. Ne5 Nxe5 19. dxe5 Rxe5 20. Rfb1 Bc6
21. Bf4 Re6 22. Rb4 Rf8 23. Be3 Rg6 24. a4 d4 25. Bxd4 e3 26. f3 Qd5 27. Bxe3 Rxg2+ 28. Kh1 Rg6
0-1

[Event "The Sixth Jerusalem Open"]
[Site "SchemingMind.com"]
[Date "2013.11.05"]
[Round "-"]
[White "reptile"]
[Black "Arcenio Acacio"]
[Result "1-0"]
[WhiteCountry "ISR"]
[BlackCountry "VEN"]
[WhiteElo "2137"]
[WhiteRD "98"]
[BlackElo "1776"]
[BlackRD "92"]
[GameID "341389"]

1. e4 e6 2. d4 d5 3. Nd2 dxe4 4. Nxe4 Nf6 5. Bd3 Be7 6. Nf3 b6 7. O-O Bb7 8. Qe2 O-O 9. Nxf6+ Bxf6 10. c3 Nd7
11. Bf4 c5 12. Rac1 cxd4 13. cxd4 Bxf3 14. Qxf3 Bxd4 15. Bd6 Ne5 16. Bxh7+ Kxh7 17. Qe4+ f5 18. Qxd4 Nf7 19. Rc6 Nxd6 20. Rxd6 Qc8
21. Rd1 Rf6 22. Rd7 Qf8 23. g3 f4 24. Qe4+ Kh6 25. g4 Rg6 26. f3 Rc8 27. h4 Qc5+ 28. Kf1 Qc4+ 29. Qe2 Qxe2+ 30. Kxe2 Rc2+
31. R1d2 Rxd2+ 32. Kxd2 e5 33. Kd3 Rc6 34. Rxa7 b5 35. Ke4 Rc2 36. Kxe5 Rxb2 37. Kxf4 b4 38. Ra6+ g6 39. h5 Kg7 40. Rxg6+ Kh7
41. Rb6 Rxa2 42. Rxb4
1-0

[Event "The Sixth Jerusalem Open"]
[Site "SchemingMind.com"]
[Date "2013.11.05"]
[Round "-"]
[White "fanfan_la_Tulipe"]
[Black "Arcenio Acacio"]
[Result "1-0"]
[WhiteCountry "AUT"]
[BlackCountry "VEN"]
[WhiteElo "1961"]
[WhiteRD "74"]
[BlackElo "1776"]
[BlackRD "92"]
[GameID "341390"]

1. Nf3 d5 2. e3 Bg4 3. c4 Nf6 4. Be2 e6 5. O-O dxc4 6. Qa4+ Nbd7 7. Qxc4 Be7 8. Nc3 O-O 9. d4 c6 10. Rd1 Nd5
11. e4 Nxc3 12. Qxc3 Nf6 13. Qc2 Rc8 14. Be3 Bh5 15. h3 Bg6 16. Bd3 h6 17. Ne5 Bh7 18. a3 Nd7 19. Rac1 Nxe5 20. dxe5 Qc7
21. f4 Bh4 22. b4 a5 23. b5 Be7 24. a4 Bb4 25. bxc6 bxc6 26. Ba6 Ra8 27. Bb5 c5 28. Rd7 Qc8 29. f5 exf5 30. exf5 Rb8
31. Rcd1 Kh8 32. g4 Rxb5 33. axb5 Qb8 34. Bxc5 Rc8 35. Bxb4 axb4 36. Qxc8+ Qxc8 37. Rd8+ Qxd8 38. Rxd8+ Bg8 39. e6
1-0

[Event "The Sixth Jerusalem Open"]
[Site "SchemingMind.com"]
[Date "2013.11.05"]
[Round "-"]
[White "MKruger"]
[Black "Arcenio Acacio"]
[Result "1-0"]
[WhiteCountry "GER"]
[BlackCountry "VEN"]
[WhiteElo "2253"]
[WhiteRD "73"]
[BlackElo "1833"]
[BlackRD "100"]
[GameID "341391"]

1. c4 e5 2. g3 Nf6 3. Bg2 Bc5 4. Nc3 c6 5. e3 O-O 6. Nge2 d6 7. O-O Be6 8. b3 d5 9. cxd5 cxd5 10. d4 exd4
11. exd4 Bb4 12. Bg5 Nbd7 13. a3 Be7 14. Nf4 Rc8 15. Qd3 Ne4 16. Bxe7 Qxe7 17. Ncxd5 Bxd5 18. Nxd5 Qe6 19. Qxe4 Qxe4 20. Bxe4 Rfe8
21. Rfe1 Nb6 22. Nxb6 axb6 23. Bxb7 Rxe1+ 24. Rxe1 Rd8 25. d5 g6 26. Bc6 Kg7 27. Re8 Rd6 28. Rb8
1-0

[Event "The Sixth Jerusalem Open"]
[Site "SchemingMind.com"]
[Date "2013.11.20"]
[Round "-"]
[White "black cloud"]
[Black "reptile"]
[Result "0-1"]
[WhiteCountry "ENG"]
[BlackCountry "ISR"]
[WhiteElo "1957"]
[WhiteRD "94"]
[BlackElo "2153"]
[BlackRD "100"]
[GameID "342167"]

1. Nf3 Nf6 2. g3 g6 3. Bg2 Bg7 4. O-O O-O 5. Re1 c5 6. e4 Nc6 7. c3 d6 8. d4 cxd4 9. Nxd4 Bg4 10. Nxc6 bxc6
11. Qa4 Bd7 12. Na3 Qc7 13. Bf4 Ng4 14. Qc2 Rab8 15. Nc4 e5 16. Bg5 Be6 17. Nd2 h6 18. Be3 Nxe3 19. Rxe3 a5 20. Rd1 d5
21. exd5 Bxd5 22. Nf3 Bxa2 23. Rde1 Rfe8 24. b4 Bd5 25. bxa5 Qxa5 26. c4 Bxf3 27. Bxf3 Qc5 28. Rd1 Rb4 29. Rc1 f5 30. Rb3 Rxb3
31. Qxb3 e4 32. Bg2 e3
0-1

[Event "The Sixth Jerusalem Open"]
[Site "SchemingMind.com"]
[Date "2013.11.20"]
[Round "-"]
[White "black cloud"]
[Black "fanfan_la_Tulipe"]
[Result "1-0"]
[WhiteCountry "ENG"]
[BlackCountry "AUT"]
[WhiteElo "1999"]
[WhiteRD "99"]
[BlackElo "1961"]
[BlackRD "74"]
[GameID "342168"]

1. e4 e5 2. Nf3 Nc6 3. d4 exd4 4. Nxd4 Bc5 5. Nxc6 Qf6 6. Qd2 dxc6 7. Nc3 Bd4 8. Bd3 Ne7 9. O-O Ng6 10. Ne2 Bb6
11. Nf4 Bd7 12. Kh1 O-O-O 13. a4 Ne5 14. Be2 a6 15. Nd3 h6 16. a5 Ba7 17. h3 g5 18. Qc3 Rhe8 19. f4 gxf4 20. Bxf4 Qh4
21. Nxe5
1-0

[Event "The Sixth Jerusalem Open"]
[Site "SchemingMind.com"]
[Date "2013.11.20"]
[Round "-"]
[White "black cloud"]
[Black "MKruger"]
[Result "0-1"]
[WhiteCountry "ENG"]
[BlackCountry "GER"]
[WhiteElo "1960"]
[WhiteRD "114"]
[BlackElo "2354"]
[BlackRD "65"]
[GameID "342169"]

1. e4 e6 2. d3 d5 3. Nd2 Nf6 4. Ngf3 Nc6 5. c3 Bd6 6. Qe2 e5 7. g3 O-O 8. Bg2 dxe4 9. Nxe4 Nxe4 10. Qxe4 f5
11. Qc4+ Kh8 12. Ng5 Qf6 13. Qh4 Qg6 14. Qc4 Bd7 15. Bd2 h6 16. Nf3 e4 17. dxe4 fxe4 18. Nd4 Ne5 19. Qe2 Nd3+ 20. Kf1 c5
21. Bxe4 Rxf2+ 22. Qxf2 Qxe4 23. Qg2 Rf8+
0-1

[Event "The Sixth Jerusalem Open"]
[Site "SchemingMind.com"]
[Date "2013.11.20"]
[Round "-"]
[White "black cloud"]
[Black "Arcenio Acacio"]
[Result "0-1"]
[WhiteCountry "ENG"]
[BlackCountry "VEN"]
[WhiteElo "1999"]
[WhiteRD "99"]
[BlackElo "1776"]
[BlackRD "92"]
[GameID "342170"]

1. Nf3 Nf6 2. g3 g6 3. Bg2 Bg7 4. O-O O-O 5. d3 d6 6. e4 Bg4 7. Nbd2 Nbd7 8. h3 Bxf3 9. Nxf3 c5 10. Re1 b5
11. d4 cxd4 12. Nxd4 Ne5 13. Nxb5 Qb6 14. Nc3 Rac8 15. Nd5 Nxd5 16. exd5 Qc5 17. c3 a5 18. Be3 Qb5 19. Qb3 Qd7 20. Red1 Nc4
21. Qc2 Nxe3 22. fxe3 Qa7 23. Re1 a4 24. Kh2 a3 25. bxa3 Qxa3 26. Rf1 Rxc3 27. Qf2 Rxe3 28. Rac1 Rxg3 29. Rfe1 Be5 30. Kh1 Rd3
31. Rc7 Bg3
0-1

[Event "The Sixth Jerusalem Open"]
[Site "SchemingMind.com"]
[Date "2013.11.20"]
[Round "-"]
[White "reptile"]
[Black "black cloud"]
[Result "1-0"]
[WhiteCountry "ISR"]
[BlackCountry "ENG"]
[WhiteElo "2132"]
[WhiteRD "104"]
[BlackElo "1960"]
[BlackRD "114"]
[GameID "342171"]

1. e4 e5 2. f4 Bc5 3. Nf3 d6 4. Bc4 Nf6 5. d3 Nc6 6. Nc3 Bg4 7. Na4 O-O 8. Nxc5 dxc5 9. O-O Qd6 10. fxe5 Nxe5
11. Bf4 Bxf3 12. Bxe5 Qxe5 13. Qxf3 Qxb2 14. Rab1 Qd4+ 15. Kh1 b6 16. Qf4 Rac8 17. e5 Qxf4 18. Rxf4 Nh5 19. Rf3 g5 20. Rbf1 Nf4
21. Rg3 h6 22. Rxf4
1-0

[Event "The Sixth Jerusalem Open"]
[Site "SchemingMind.com"]
[Date "2013.11.20"]
[Round "-"]
[White "fanfan_la_Tulipe"]
[Black "black cloud"]
[Result "1-0"]
[WhiteCountry "AUT"]
[BlackCountry "ENG"]
[WhiteElo "2038"]
[WhiteRD "70"]
[BlackElo "1917"]
[BlackRD "85"]
[GameID "342172"]

1. Nf3 d5 2. c4 e6 3. g3 c5 4. Bg2 Nf6 5. O-O Nc6 6. cxd5 exd5 7. d4 Be7 8. Nc3 O-O 9. a3 Re8 10. Bg5 h6
11. Bxf6 Bxf6 12. dxc5 d4 13. Nb5 Bg4 14. Nd6 Re7 15. h3 Bh5 16. Qd2 b6 17. Nf5 Re8 18. cxb6 Qxb6 19. Rad1 Rad8 20. b4 a6
21. g4 Bg6 22. N3h4 Bh7 23. Rc1 Ne5 24. Rc5 d3 25. e3 Rd7 26. Rfc1 Qd8 27. Nf3 Nxf3+ 28. Bxf3 Bxf5 29. gxf5 Rd6 30. Rc6 Qe7
31. Rxd6 Qxd6 32. Rc6 Qe5 33. Qxd3 Qa1+ 34. Kg2 Qe1 35. Qc4 Rd8 36. Rc8 Kh7 37. Rxd8 Bxd8 38. Qxa6 Bh4 39. Qe2 Qa1 40. b5 Qxa3
41. b6 Qb4 42. b7 g6 43. fxg6+ fxg6 44. Qc2
1-0

[Event "The Sixth Jerusalem Open"]
[Site "SchemingMind.com"]
[Date "2013.11.20"]
[Round "-"]
[White "MKruger"]
[Black "black cloud"]
[Result "1-0"]
[WhiteCountry "GER"]
[BlackCountry "ENG"]
[WhiteElo "2382"]
[WhiteRD "67"]
[BlackElo "1999"]
[BlackRD "99"]
[GameID "342173"]

1. d4 d5 2. c4 e6 3. Nf3 Nf6 4. g3 dxc4 5. Bg2 Bb4+ 6. Bd2 a5 7. O-O O-O 8. Bg5 Nc6 9. e3 h6 10. Bxf6 Qxf6
11. a3 Bd6 12. Nc3 e5 13. d5 Na7 14. Nd2 b5 15. a4 Bd7 16. Qc2 Rfb8 17. Rfd1 Qe7 18. Rdc1 b4 19. Nce4 Nc8 20. Nxc4 b3
21. Qd3 f5 22. Nexd6 Nxd6 23. Qc3 Nxc4 24. Qxc4 Ra7 25. d6+
1-0

[Event "The Sixth Jerusalem Open"]
[Site "SchemingMind.com"]
[Date "2013.11.20"]
[Round "-"]
[White "Arcenio Acacio"]
[Black "black cloud"]
[Result "0-1"]
[WhiteCountry "VEN"]
[BlackCountry "ENG"]
[WhiteElo "1833"]
[WhiteRD "100"]
[BlackElo "1940"]
[BlackRD "130"]
[GameID "342174"]

1. e4 e5 2. Nf3 Nc6 3. Bc4 Nf6 4. Ng5 d5 5. exd5 Na5 6. Bb5+ c6 7. dxc6 bxc6 8. Ba4 h6 9. Nf3 e4 10. Qe2 Bd6
11. O-O O-O 12. Ne1 Bxh2+ 13. Kxh2 Ng4+ 14. Kg3 Qd6+ 15. f4 exf3+ 16. Kxf3 Nh2+ 17. Kf2 Qd4+ 18. Kg3 Nxf1+ 19. Qxf1 Qxa4 20. Nc3 Qg4+
21. Kh2 Re8 22. d3 Qh4+ 23. Kg1 Rxe1
0-1

[Event "The Sixth Jerusalem Open"]
[Site "SchemingMind.com"]
[Date "2013.11.25"]
[Round "-"]
[White "brankat"]
[Black "reptile"]
[Result "1/2-1/2"]
[WhiteCountry "CAN"]
[BlackCountry "ISR"]
[WhiteElo "2026"]
[WhiteRD "122"]
[BlackElo "2137"]
[BlackRD "98"]
[GameID "342432"]

1. e4 e5 2. Nf3 Nc6 3. Bb5 Nf6 4. O-O d6 5. d4 Bd7 6. Nc3 exd4 7. Nxd4 Be7 8. Re1 Nxd4 9. Qxd4 Bxb5 10. Nxb5 O-O
11. Bf4 a6 12. Nc3 Ng4 13. Nd5 Re8 14. f3 Ne5 15. Nxe7+ Qxe7 16. Rad1 Qf6 17. Be3 Qg6=
1/2-1/2

[Event "The Sixth Jerusalem Open"]
[Site "SchemingMind.com"]
[Date "2013.11.26"]
[Round "-"]
[White "brankat"]
[Black "black cloud"]
[Result "1-0"]
[WhiteCountry "CAN"]
[BlackCountry "ENG"]
[WhiteElo "2059"]
[WhiteRD "102"]
[BlackElo "1904"]
[BlackRD "87"]
[GameID "342433"]

1. e4 e5 2. Nf3 Nc6 3. Bb5 a6 4. Ba4 Nf6 5. O-O Be7 6. Re1 b5 7. Bb3 d6 8. c3 O-O 9. h3 Na5 10. Bc2 c5
11. d4 Nd7 12. Nbd2 exd4 13. cxd4 Nc6 14. d5 Nce5 15. a4 Rb8 16. axb5 axb5 17. Re3 b4 18. Nxe5 Nxe5 19. f4 Ng6 20. f5 Ne5
21. Nf3 Nd7 22. Bd3 Bf6 23. Re2 Qc7 24. Be3 c4 25. Rc2 c3 26. bxc3 bxc3 27. Ra7 Rb7 28. Ra6 Rb2 29. Rc6 Qa5 30. Rxb2 cxb2
31. Qb1 Nc5 32. Bxc5 dxc5 33. e5 Qa1 34. exf6
1-0

[Event "The Sixth Jerusalem Open"]
[Site "SchemingMind.com"]
[Date "2013.11.25"]
[Round "-"]
[White "brankat"]
[Black "fanfan_la_Tulipe"]
[Result "1/2-1/2"]
[WhiteCountry "CAN"]
[BlackCountry "AUT"]
[WhiteElo "2083"]
[WhiteRD "98"]
[BlackElo "1992"]
[BlackRD "72"]
[GameID "342434"]

1. e4 e5 2. Nf3 Nc6 3. Bb5 a6 4. Ba4 Nf6 5. O-O b5 6. Bb3 Bb7 7. d3 Be7 8. a4 O-O 9. Re1 d6 10. Nbd2 Na5
11. Ba2 c5 12. Nf1 Qc7 13. Ne3 g6 14. Bd2 Nc6 15. Nd5 Nxd5 16. Bxd5 Bf6 17. Bh6 Bg7 18. Bxg7 Kxg7 19. Qd2 Ne7 20. Bxb7 Qxb7
21. axb5 axb5 22. Kh1 Rxa1 23. Rxa1 Ra8 24. Ra5 b4 25. Rxa8 Qxa8 26. Qe1 Qa2 27. Qc1 Nc6 28. Nd2 Nd4 29. Nc4 Nb5 30. f3 Kf6
31. f4 Ke6 32. fxe5 dxe5=
1/2-1/2

[Event "The Sixth Jerusalem Open"]
[Site "SchemingMind.com"]
[Date "2013.11.25"]
[Round "-"]
[White "brankat"]
[Black "MKruger"]
[Result "1/2-1/2"]
[WhiteCountry "CAN"]
[BlackCountry "GER"]
[WhiteElo "2108"]
[WhiteRD "113"]
[BlackElo "2433"]
[BlackRD "67"]
[GameID "342435"]

1. d4 Nf6 2. c4 g6 3. Nc3 d5 4. cxd5 Nxd5 5. e4 Nxc3 6. bxc3 Bg7 7. Nf3 c5 8. Rb1 O-O 9. Be2 cxd4 10. cxd4 Qa5+
11. Bd2 Qxa2 12. O-O Bg4 13. Bg5 h6 14. Bh4 g5 15. Bg3 Nc6 16. d5 Rad8 17. Qe1 Bxf3 18. Bxf3 Nd4 19. Rxb7 Nxf3+ 20. gxf3 f5
21. exf5 Qxd5 22. Rxa7 Rxf5 23. Qxe7 Rf7 24. Qxf7+=
1/2-1/2

[Event "The Sixth Jerusalem Open"]
[Site "SchemingMind.com"]
[Date "2013.11.25"]
[Round "-"]
[White "brankat"]
[Black "Arcenio Acacio"]
[Result "1-0"]
[WhiteCountry "CAN"]
[BlackCountry "VEN"]
[WhiteElo "2117"]
[WhiteRD "115"]
[BlackElo "1764"]
[BlackRD "97"]
[GameID "342436"]

1. e4 e5 2. Nf3 Nc6 3. Bb5 Nf6 4. O-O Be7 5. Re1 d6 6. d4 exd4 7. Nxd4 Bd7 8. Nc3 Nxd4 9. Qxd4 c6 10. Bf1 O-O
11. Bf4 Nh5 12. Bxd6 Bxd6 13. Qxd6 Be6 14. Qxd8 Raxd8 15. Rad1 Nf6 16. f4 Rxd1 17. Rxd1 b5 18. f5 Bc8 19. a3 a5 20. b4 axb4
21. axb4 Re8 22. Rd6 h6 23. Rxc6 Bb7 24. Rc7 Bxe4 25. Bxb5 Bxc2 26. Bxe8 Nxe8 27. Rc8 Kf8 28. g4 Ke7 29. Nd5+ Kd7 30. Rxc2 f6
31. b5 Kd6 32. b6
1-0

[Event "The Sixth Jerusalem Open"]
[Site "SchemingMind.com"]
[Date "2013.11.26"]
[Round "-"]
[White "reptile"]
[Black "brankat"]
[Result "1-0"]
[WhiteCountry "ISR"]
[BlackCountry "CAN"]
[WhiteElo "2090"]
[WhiteRD "108"]
[BlackElo "2049"]
[BlackRD "113"]
[GameID "342437"]

1. d4 d5 2. c4 e6 3. Nf3 Nf6 4. Nc3 c6 5. e3 Nbd7 6. Bd3 dxc4 7. Bxc4 b5 8. Bd3 Bb7 9. O-O a6 10. e4 c5
11. d5 Qc7 12. dxe6 fxe6 13. Qe2 c4 14. Bc2 Bd6 15. Ng5 Bxh2+ 16. Kh1 Nc5 17. f4 h6 18. Nh3 Bg3 19. e5 O-O-O 20. exf6 gxf6
21. Be3 Nd3 22. Rad1 Rhg8 23. Bxd3 cxd3 24. Rxd3 Rxd3 25. Qxd3 Qc6 26. Rg1 Be1 27. Qe2 Bxc3 28. bxc3 Qe4 29. Kh2 h5 30. g3 e5
31. Nf2 Qf3 32. Qxf3 Bxf3 33. fxe5 fxe5 34. Nd3 e4 35. Nc5 Rg6 36. Re1 Kd8 37. Bd4 Kc7 38. a4 bxa4 39. Ra1 Rb6 40. Rxa4 Rb1
41. g4 h4 42. Bg1 e3 43. Ne6+ Kd6 44. Rxa6+ Ke5 45. Nd4 Bxg4 46. Bxe3 Rb2+ 47. Kg1 h3 48. Rh6 Rb1+ 49. Kf2 Rb2+ 50. Kg1 Rb1+=
51. Kh2 Rb2+ 52. Kh1 Rb1+ 53. Bg1 Kf4 54. c4 Rc1 55. c5 Ke5 56. c6 Bc8 57. Rh8 Bg4 58. Rg8 Kf4 59. Kh2
1-0

[Event "The Sixth Jerusalem Open"]
[Site "SchemingMind.com"]
[Date "2013.11.25"]
[Round "-"]
[White "black cloud"]
[Black "brankat"]
[Result "0-1"]
[WhiteCountry "ENG"]
[BlackCountry "CAN"]
[WhiteElo "1957"]
[WhiteRD "94"]
[BlackElo "2108"]
[BlackRD "113"]
[GameID "342438"]

1. Nf3 d5 2. g3 Nf6 3. Bg2 c6 4. d3 Bg4 5. Nbd2 Nbd7 6. O-O e5 7. h3 Bh5 8. e4 dxe4 9. dxe4 Bc5 10. Qe1 O-O
11. Nc4 Bxf3 12. Bxf3 Qe7 13. Bg5 Qe6 14. Ne3 Qxh3 15. Bg2 Qh5 16. Bxf6 Nxf6 17. Qd1 Bxe3 18. Qxh5 Bxf2+ 19. Kxf2 Nxh5 20. Rad1 Rad8
21. Bf3 Nf6 22. Rd3 Rxd3 23. cxd3 Rd8
0-1

[Event "The Sixth Jerusalem Open"]
[Site "SchemingMind.com"]
[Date "2013.11.25"]
[Round "-"]
[White "fanfan_la_Tulipe"]
[Black "brankat"]
[Result "0-1"]
[WhiteCountry "AUT"]
[BlackCountry "CAN"]
[WhiteElo "1957"]
[WhiteRD "71"]
[BlackElo "2108"]
[BlackRD "113"]
[GameID "342439"]

1. Nf3 d5 2. c4 e6 3. g3 Nf6 4. Bg2 dxc4 5. Qa4+ c6 6. Qxc4 b5 7. Qc2 Bb7 8. a4 Nbd7 9. O-O a6 10. d4 Rc8
11. Rd1 c5 12. axb5 axb5 13. Na3 cxd4 14. Qb3 Bd5 15. Qxb5 Rb8 16. Qd3 Bxa3 17. Qxa3 Ra8 18. Rxd4 Rxa3 19. Rxa3 O-O 20. Bg5 Qb6
0-1

[Event "The Sixth Jerusalem Open"]
[Site "SchemingMind.com"]
[Date "2013.11.26"]
[Round "-"]
[White "MKruger"]
[Black "brankat"]
[Result "1-0"]
[WhiteCountry "GER"]
[BlackCountry "CAN"]
[WhiteElo "2443"]
[WhiteRD "69"]
[BlackElo "2059"]
[BlackRD "102"]
[GameID "342440"]

1. d4 Nf6 2. c4 e6 3. g3 c5 4. d5 exd5 5. cxd5 d6 6. Nc3 g6 7. Bg2 Bg7 8. Nf3 O-O 9. O-O Re8 10. Nd2 Nbd7
11. a4 a6 12. h3 Rb8 13. Nc4 Nb6 14. Na3 Bd7 15. e4 Nh5 16. a5 Nc8 17. g4 Nf6 18. Nc4 b5 19. axb6 Bb5 20. Nxb5 axb5
21. Na5 Rxb6 22. Nc6 Qc7 23. Bd2 Rb7 24. Ba5 Qd7 25. Qc2 b4 26. Rfe1 Na7 27. e5 dxe5 28. Nxe5 Qd6 29. Nc4 Qb8 30. d6 b3
31. Qd1 Rd7 32. Bb6 Rxe1+ 33. Qxe1 Nc8 34. Bxc5 Qb5 35. Qb4 Qxb4 36. Bxb4 Ra7 37. Rxa7 Nxa7 38. Bc5 Nc8 39. Bc6
1-0

[Event "The Sixth Jerusalem Open"]
[Site "SchemingMind.com"]
[Date "2013.11.25"]
[Round "-"]
[White "Arcenio Acacio"]
[Black "brankat"]
[Result "0-1"]
[WhiteCountry "VEN"]
[BlackCountry "CAN"]
[WhiteElo "1785"]
[WhiteRD "100"]
[BlackElo "2083"]
[BlackRD "98"]
[GameID "342441"]

1. e4 e5 2. Nf3 Nc6 3. Bc4 Nf6 4. Ng5 Bc5 5. O-O O-O 6. d3 d6 7. Nc3 h6 8. Nf3 Bg4 9. h3 Bxf3 10. Qxf3 Nd4
11. Qd1 c6 12. Be3 b5 13. Bb3 Nxb3 14. axb3 Bxe3 15. fxe3 a5 16. Ne2 d5 17. exd5 Nxd5 18. Qd2 Qb6 19. d4 exd4 20. Nxd4 Rfe8
21. c4 bxc4 22. bxc4 Nxe3 23. Rf2 Rad8 24. c5 Qxc5 25. Rc1 Qxd4 26. Qxd4 Rxd4 27. Rxc6 a4 28. Rc7 f6 29. Ra7 Rde4 30. Rd2 R8e7
31. Rd8+ Kf7 32. Raa8 Rc4 33. Rf8+ Kg6 34. Rfd8 Rc1+ 35. Kf2 Rc2+ 36. Kg1 Rxg2+ 37. Kh1 Rc7 38. Rd3 Rc1+
0-1